01495 a2200157 45000010006000000050017000060080041000230030015000640400040000790800096001192450051002152640036002663000019003025050995003211000021013164666520260407155737.0260407a1976 arg spa dAR-UNSa-BCEJYS aAR-UNSa-BCEJYSbspacAR-UNSa-BCEJYS a004.3x"Hardware". Soportes informáticos, componentes físicos del ordenador, máquinas10aIntroducción a la computación electónica 1aBuenos Aires :bEl Ateneoc1976 a186 p.c23 cm. a1. Robots en Marte – 2. Importancia del estudio de las computadoras – 3. Historias de las computadoras – 4. El diseño de una computadora – 5. El difícil camino de la programación – 6. ¿Qué es un compilador? – 7. Tarjetas de datos – 8. Aprendamos un sencillo lenguaje de programación – 9. Aprendamos un sencillo lenguaje de programación (Continuación) – 10. Aprendamos un sencillo lenguaje de programación (Conclusión) – 11. El cursograma, lenguaje de la lógica – 12. Depuración – 13. La naturaleza de las aplicaciones de computadoras – 14. Archivos de cintas magnéticas – 15. Mantenimiento de archivos – 16. Un centro de computación – 17. Tipos representativos de computadoras – 18. Un estudio de computadora en profundidad – 19. Multiprogramación – 20. Software – 21. Tiempo compartido por teletipo – 22. Automatización – 23. Las computadoras ¿son capaces de pensar? – 24. ¿Hay una computadora en su futuro?. 1 aFarina, Mario V.